Advance audit and assurance companion (practice and revision kit) (Record no. 26941)

MARC details
000 -LEADER
fixed length control field 00615nam a2200181Ia 4500
020 ## - INTERNATIONAL STANDARD BOOK NUMBER
ISBN 9783341049
050 ## - CALL MARK
Classification number HF 5667 .B33/
100 ## - STATEMENT OF RESPONSIBILITY--MAIN AUTHOR NAME
Personal name Babatunde, Fakunle
245 #0 - TITLE STATEMENT
Title Advance audit and assurance companion (practice and revision kit)
260 ## - PUBLICATION, DISTRIBUTION, ETC. (IMPRINT)
Place of publication Lagos
260 ## - PUBLICATION, DISTRIBUTION, ETC. (IMPRINT)
Name of publisher Fakunle Babatunde
260 ## - PUBLICATION, DISTRIBUTION, ETC. (IMPRINT)
Year of publication 2017
300 ## - PHYSICAL DESCRIPTION
Number of Pages 528 p
650 ## - SUBJECT ADDED ENTRY--TOPICAL TERM
Topical Term Association of Chartered Certified Accountants (Great Britain)--Examinations--Study guides. Auditing--Examinations--Study guides. Accounting--Examinations--Study guides.
942 ## - ADDED ENTRY ELEMENTS (KOHA)
Koha item type Books
Holdings
Withdrawn status Lost status Source of classification or shelving scheme Damaged status Not for loan Permanent Location Current Location Shelving location Date acquired Accession Number Price effective from Koha item type
    Library of Congress Classification     NILE UNIVERSITY OF NIGERIA - MAIN LIBRARY NILE UNIVERSITY OF NIGERIA - MAIN LIBRARY Items on shelf 04/23/2025 0194636 04/23/2025 Books